| 000 | 00989cam a2200301 a 4500 | ||
|---|---|---|---|
| 999 |
_c7421 _d7421 |
||
| 001 | 7421 | ||
| 003 | BD-JhCC | ||
| 005 | 20180418174124.0 | ||
| 008 | 020807s2002 bg b b f001 0 beno | ||
| 020 | _a9840740954 | ||
| 035 | _a(BD-JhCC)7421 | ||
| 040 |
_aDLC _cDLC _dBD-JhCC |
||
| 041 | 1 |
_abeneng _heng |
|
| 050 | 0 | 0 |
_aDS485.B4512 _bM8212 2002 |
| 082 |
_bAHM 2002 _a954.1403 |
||
| 100 | 1 | _aAhmed, Sufia. | |
| 245 | 1 | 0 |
_aMuslim community in Bengal, 1884-1912 / _cSufia Ahmed |
| 246 | 1 | 8 | _aBāṃlāra Musalima sampradāẏa |
| 260 |
_aḌhākā : _bBāṃlā Ekāḍemī, _c1974 |
||
| 300 |
_a425 p. : _b1 folded map ; _c22 cm. |
||
| 504 | _aIncludes bibliographical references (p. [304]-317) and index. | ||
| 504 | _a"Bāṃlāẏa Musalamānadera racanābali": p. [156]-191. | ||
| 520 | _aHistory of the Muslim community of Bengal from 1884 to 1912. | ||
| 650 | 0 |
_aMuslims _zIndia _zBengal _xHistory. |
|
| 651 | 0 |
_aBengal (India) _xHistory. |
|
| 942 |
_2ddc _cBK |
||